000 00495nas a2200193 i 4500
001 2-00323146
003 PPAK
005 20180729123414.0
008 131007s my |||| ||||| | may d
022 _a0126-6594 ; 9770126659000
040 _aPPAK
_beng
_cPPAK
_erda
245 0 0 _aJelita
264 1 _aKuala Lumpur:
_bBerita Publishing,
336 _2rdacontent
_atext
337 _2rdamedia
_aunmediated
338 _2rdacarrier
_avolume
650 1 0 _aWomen - Periodicals
942 _ddc
_cSR
999 _c149807
_d149807